Central Library OPAC University of Rajshahi

Development of water resources in the lower Mekong Basin / (Record no. 43790)

MARC details
000 -LEADER
fixed length control field 00752nam a2200229 a 4500
001 - CONTROL NUMBER
control field 43790
003 - CONTROL NUMBER IDENTIFIER
rucl marc code BD-RjUL
005 - DATE AND TIME OF LATEST TRANSACTION
control field 20211209053744.0
008 - FIXED-LENGTH DATA ELEMENTS--GENERAL INFORMATION
fixed length control field 160627s1957 th ab 000 0 eng u
035 ## - SYSTEM CONTROL NUMBER
System control number (BD-RjUL)43908
040 ## - CATALOGING SOURCE
Transcribing agency IBP
Modifying agency m/c
-- RCD
-- BD-RjUL
Original cataloging agency BD-RjUL
Language of cataloging eng
041 ## - LANGUAGE CODE
Language code of text/sound track or separate title eng
082 ## - DEWEY DECIMAL CLASSIFICATION NUMBER
Edition number 23
Classification number 627.4
Author mark and year DEV 1957
110 2# - MAIN ENTRY--CORPORATE NAME
Corporate name or jurisdiction name as entry element United Nations.
Subordinate unit Economic Commission for Asia and the Far East.
9 (RLIN) 134597
245 10 - TITLE STATEMENT
Title Development of water resources in the lower Mekong Basin /
260 ## - PUBLICATION, DISTRIBUTION, ETC. (IMPRINT)
Place of publication, distribution, etc. Bangkok :
Name of publisher, distributor, etc. United Nations,
Date of publication, distribution, etc. 1957.
300 ## - PHYSICAL DESCRIPTION
Pagination vii, 75 p. :
Illustrations ill. ;
Size 28 cm.
490 1# - SERIES STATEMENT
Series statement Flood control series ;
Volume/sequential designation no.12
650 #0 - SUBJECT ADDED ENTRY--TOPICAL TERM
Topical term or geographic name as entry element Flood control
Geographic subdivision Mekong River.
9 (RLIN) 134596
830 #0 - SERIES ADDED ENTRY--UNIFORM TITLE
Uniform title Flood control series ;
Volume number/sequential designation no. 12.
942 ## - ADDED ENTRY ELEMENTS (KOHA)
Source of classification or shelving scheme Dewey Decimal Classification
Koha item type Books
Holdings
Lost status Source of classification or shelving scheme Damaged status Not for loan Collection code Permanent Location Current Location Shelving location Date acquired Source of acquisition Cost, normal purchase price Total Checkouts Full call number Date last seen Copy number Koha item type
  Dewey Decimal Classification     Non-fiction Central Library, University of Rajshahi Central Library, University of Rajshahi   14/12/1970 Swets & Zeitengers 141.00   627.4 DEV 1957 27/06/2016 C-2 Books